Luật lệ giao thông đường bộ

Сохранить в:
Библиографические подробности
Формат:
Язык:Undetermined
Опубликовано: Hà Nội Giao Thông Vận Tải 1998
Предметы:
Метки: Добавить метку
Нет меток, Требуется 1-ая метка записи!
Thư viện lưu trữ: Trung tâm Học liệu Trường Đại học Cần Thơ
LEADER 00486nam a2200169Ia 4500
001 CTU_27653
008 210402s9999 xx 000 0 und d
020 |b 9.000đ 
082 |a 343.093 
082 |b L504 
245 0 |a Luật lệ giao thông đường bộ 
260 |a Hà Nội 
260 |b Giao Thông Vận Tải 
260 |c 1998 
650 |a traffic regulations - vietnam 
904 |i Minh, 981230 
980 |a Trung tâm Học liệu Trường Đại học Cần Thơ